Do you know Denmark - Statistics

General Stats
  • This quiz has been taken 30 times
    18 since last reset
  • The average score is 12 of 18
Answer Stats
Hint Answer % Correct
What large island does Denmark own? Greenland
100%
Capital? Copenhagen
93%
Denmark shares a bridge border with what country? Sweden
93%
Denmark borders what country? Germany
86%
Famous fairy tale writer? HC Andersen
79%
Main peninsula? Jutland
79%
Denmark is a part of what military alliance? NATO
79%
Main language (In danish) Dansk
71%
What is Denmark's main airline? (half owned by Sweden) SAS
71%
Island group north of Scotland? Faroe Islands
57%
Island between Jutland and Zealand? Funen
57%
What seas does Denmark border? North sea, Baltic sea
57%
Who was Denmark a part of in WW2? (Allianced with) The Allies
57%
Currency Danish Crown
50%
Current primeminister (2022) Mette Frederiksen
43%
National dish? Stegt flæsk
36%
Currrent monarch! Margrethe II
21%
What is the famous street in Copenhagen, with a canal running thout it? Nyhavn
21%
No matching quizzes found
Score Distribution
Percent of People with Each Score
Percentile by Number Answered
Your Score History
You have not taken this quiz since the last reset